000 00838nam a2200265 i 4500
001 bg
245 0 0 _aHandbook of soil invertebrate toxicity tests /
_ced. by Hans Løkke and Cornelis A. M. van Gestel.
260 _aChichester :
_bJohn Wiley,
_c1998.
300 _a281 s. :
_bwykr. ;
_c24 cm.
490 1 _aEcological and Environmental Toxicology Series
504 _aBibliogr. s.253-270. - Indeks.
650 9 _aToksykologia
650 9 _aBezkręgowce
_xbadanie
650 9 _aGleba
_xbadanie
700 1 _aGESTEL, Cornelis A. M.
_c(van).
_eRed.
700 1 _aLØKKE, Hans.
_eRed.
830 _aEcological and Environmental Toxicology Series
020 _a0471971030
040 _cBPK
041 0 _aen
080 _a574:593/595:631.46
920 _a0-471-97103-0
942 _cKS
008 s pl f |000 0 pol
999 _c33689
_d33689
856 _uhttp://koha.tu.koszalin.pl/cgi-bin/koha/opac-detail.pl?biblionumber=33689
_yKatalog online BPK